|
|
|
|
| LEADER |
00000nam0a2200000 4500 |
| 001 |
168423 |
| 005 |
20231031163117.0 |
| 010 |
|
|
|a 9785803805991
|
| 035 |
|
|
|a (RuTPU)RU\TPU\book\182735
|
| 090 |
|
|
|a 168423
|
| 100 |
|
|
|a 20091028d2009 m y0rusy50 ca
|
| 101 |
0 |
|
|a rus
|
| 102 |
|
|
|a RU
|
| 105 |
|
|
|a a j 001zy
|
| 200 |
1 |
|
|a Геология полезных ископаемых
|e учебное пособие
|f Ж. В. Семинский
|g Иркутский государственный технический университет (ИрГТУ)
|
| 210 |
|
|
|a Иркутск
|c Изд-во Иркутского ГТУ
|d 2009
|
| 215 |
|
|
|a 108 с.
|c ил.
|
| 320 |
|
|
|a Библиогр.: с. 107.
|
| 330 |
|
|
|a В первом разделе пособия рассматриваются общие вопросы строения, состава и образования месторождений полезных ископаемых. Вторая часть содержит описание генетических серий, классов и типов месторождений. При этом схема описания по возможности унифицирована и включает определение каждого типа, его промышленное значение, особенности геологического строения, процессы образования и главные рудные формации.Предназначено для студентов, обучающихся по программам специалистов и бакалавров очной и заочной форм обучения.
|
| 606 |
1 |
|
|a Полезные ископаемые
|2 stltpush
|3 (RuTPU)RU\TPU\subj\50069
|
| 610 |
1 |
|
|a геология
|
| 610 |
1 |
|
|a месторождения
|
| 610 |
1 |
|
|a минеральные ресурсы
|
| 610 |
1 |
|
|a Россия
|
| 610 |
1 |
|
|a эндогенные месторождения
|
| 610 |
1 |
|
|a экзогенные месторождения
|
| 610 |
1 |
|
|a генетические типы
|
| 610 |
1 |
|
|a промышленное значение
|
| 610 |
1 |
|
|a геологическое строение
|
| 610 |
1 |
|
|a рудные формации
|
| 610 |
1 |
|
|a учебные пособия
|
| 675 |
|
|
|a 553(075.8)
|v 3
|
| 700 |
|
1 |
|a Семинский
|b Ж. В.
|g Жан Вячеславович
|
| 712 |
0 |
2 |
|a Иркутский государственный технический университет (ИрГТУ)
|c (1993- )
|2 stltpush
|3 (RuTPU)RU\TPU\col\17
|
| 801 |
|
1 |
|a RU
|b 63413507
|c 20091028
|
| 801 |
|
2 |
|a RU
|b 63413507
|c 20150526
|g RCR
|
| 900 |
|
|
|a Геология полезных ископаемых
|
| 942 |
|
|
|c BK
|